|
|
|
|
| LEADER |
00000cam a2200000 c 4500 |
| 001 |
47646370X |
| 003 |
DE-627 |
| 005 |
20251223205501.0 |
| 007 |
tu |
| 008 |
050104s2005 ne ||||| 00| ||eng c |
| 010 |
|
|
|a 2004062924
|
| 015 |
|
|
|a 08,A41,2695
|2 dnb
|
| 016 |
7 |
|
|a 984959688
|2 DE-101
|
| 020 |
|
|
|a 9004143211
|c (alk. paper)
|9 90-04-14321-1
|
| 024 |
3 |
|
|a 9789004143210
|
| 035 |
|
|
|a (DE-627)47646370X
|
| 035 |
|
|
|a (DE-603)128236213
|
| 035 |
|
|
|a (DE-576)116862106
|
| 035 |
|
|
|a (DE-599)GBV47646370X
|
| 035 |
|
|
|a (OCoLC)845836948
|
| 040 |
|
|
|a DE-627
|b ger
|c DE-627
|e rakwb
|
| 041 |
|
|
|a eng
|h ger
|
| 044 |
|
|
|c XA-NL
|c XD-US
|
| 050 |
|
0 |
|a HC288.R66
|
| 050 |
|
0 |
|a HC288
|
| 082 |
0 |
|
|a 943
|q OCLC
|
| 082 |
0 |
|
|a 943.031
|
| 082 |
0 |
4 |
|a 943
|
| 084 |
|
|
|a 8,1
|2 ssgn
|
| 084 |
|
|
|a 1
|2 ssgn
|
| 084 |
|
|
|a NN 1765
|q BVB
|2 rvk
|0 (DE-625)rvk/126641:
|
| 084 |
|
|
|a BP 2440
|2 rvk
|0 (DE-625)rvk/14961:
|
| 084 |
|
|
|a NR 1820
|2 rvk
|0 (DE-625)rvk/129179:
|
| 084 |
|
|
|a NN 3030
|2 rvk
|0 (DE-625)rvk/126757:
|
| 084 |
|
|
|a 323
|2 bwlb
|
| 084 |
|
|
|a 15.42
|2 bkl
|
| 090 |
|
|
|a a
|
| 100 |
1 |
|
|0 (DE-588)1026393329
|0 (DE-627)726683256
|0 (DE-576)356695557
|4 aut
|a Scott, Tom
|d 1947-
|
| 109 |
|
|
|a Scott, Tom 1947-
|
| 243 |
1 |
0 |
|a Sammlung
|
| 245 |
1 |
0 |
|a Town, country, and regions in Reformation Germany
|c by Tom Scott
|
| 263 |
|
|
|a 0504
|
| 264 |
|
1 |
|a Leiden [u.a.]
|b Brill
|c 2005
|
| 300 |
|
|
|a XXV, 447 S.
|b Ill., Kt.
|
| 336 |
|
|
|a Text
|b txt
|2 rdacontent
|
| 337 |
|
|
|a ohne Hilfsmittel zu benutzen
|b n
|2 rdamedia
|
| 338 |
|
|
|a Band
|b nc
|2 rdacarrier
|
| 490 |
1 |
|
|a Studies in medieval and Reformation traditions
|v 106
|
| 500 |
|
|
|a Includes bibliographical references and index
|
| 546 |
|
|
|a Teilw. aus dem Dt. übers.
|
| 583 |
1 |
|
|a Archivierung/Langzeitarchivierung gewährleistet
|f SSG
|x XA-DE-BW
|2 pdager
|5 DE-21
|
| 583 |
1 |
|
|a Archivierung prüfen
|c 20240324
|f DE-4165
|z 1
|2 pdager
|
| 601 |
|
|
|a Germanien
|
| 610 |
2 |
7 |
|0 (DE-588)4511379-8
|0 (DE-627)247893056
|0 (DE-576)213192918
|a Armer Konrad
|g Körperschaft
|2 gnd
|7 (dpeaa)DE-631
|
| 648 |
|
7 |
|a Geschichte 1500-1600
|2 gnd
|7 (dpeaa)DE-631
|
| 648 |
|
7 |
|a Geschichte 1600-1700
|2 gnd
|7 (dpeaa)DE-631
|
| 648 |
|
7 |
|a Geschichte 1400-1500
|2 gnd
|7 (dpeaa)DE-631
|
| 648 |
|
7 |
|a Geschichte 1350-1600
|2 gnd
|
| 648 |
|
4 |
|a Neuzeit 1500-1600
|0 (DE-631)35936
|7 (dpeaa)DE-631
|
| 648 |
|
4 |
|a Neuzeit 1600-1700
|0 (DE-631)36337
|7 (dpeaa)DE-631
|
| 648 |
|
4 |
|a Mittelalter 1400-1500
|0 (DE-631)36380
|7 (dpeaa)DE-631
|
| 650 |
|
0 |
|a Cities and towns
|x Rhine River Region
|
| 650 |
|
0 |
|a Group Identity
|x Rhine River Region
|
| 650 |
|
0 |
|a Reformation
|x Germany
|
| 650 |
|
0 |
|a Peasants' War, 1524-1525
|
| 650 |
0 |
7 |
|0 (DE-588)4048946-2
|0 (DE-627)104364165
|0 (DE-576)209079851
|a Reformation
|2 gnd
|7 (dpeaa)DE-631
|
| 650 |
0 |
7 |
|0 (DE-588)4812311-0
|0 (DE-627)478110138
|0 (DE-576)216637317
|a Bundschuh
|2 gnd
|7 (dpeaa)DE-631
|
| 650 |
0 |
7 |
|0 (DE-588)4069173-1
|0 (DE-627)104137495
|0 (DE-576)209175788
|a Bauernkrieg
|g 1525
|2 gnd
|7 (dpeaa)DE-631
|
| 650 |
0 |
7 |
|0 (DE-588)4056723-0
|0 (DE-627)106153919
|0 (DE-576)209118741
|a Stadt
|2 gnd
|7 (dpeaa)DE-631
|
| 650 |
0 |
7 |
|0 (DE-588)4066508-2
|0 (DE-627)106113313
|0 (DE-576)209164867
|a Wirtschaftsraum
|2 gnd
|
| 650 |
0 |
7 |
|0 (DE-588)4315899-7
|0 (DE-627)12660245X
|0 (DE-576)21117789X
|a Umland
|2 gnd
|
| 650 |
0 |
7 |
|0 (DE-588)4275671-6
|0 (DE-627)104423668
|0 (DE-576)210716959
|a Regionale Identität
|2 gnd
|
| 650 |
|
4 |
|a Sozialgeschichte
|0 (DE-631)17216
|7 (dpeaa)DE-631
|
| 650 |
|
4 |
|a Wirtschaftsgeschichte
|0 (DE-631)21154
|7 (dpeaa)DE-631
|
| 651 |
|
0 |
|a Rhine River Region
|x Economic conditions
|
| 651 |
|
7 |
|0 (DE-588)4018272-1
|0 (DE-627)106326686
|0 (DE-576)208923535
|a Freiburg im Breisgau
|2 gnd
|7 (dpeaa)DE-631
|
| 651 |
|
7 |
|0 (DE-588)4064419-4
|0 (DE-627)106123734
|0 (DE-576)209153326
|a Waldshut
|2 gnd
|7 (dpeaa)DE-631
|
| 651 |
|
7 |
|0 (DE-588)4075561-7
|0 (DE-627)104589426
|0 (DE-576)209198478
|a Oberrheinisches Tiefland
|2 gnd
|7 (dpeaa)DE-631
|
| 651 |
|
7 |
|0 (DE-588)4011882-4
|0 (DE-627)104704861
|0 (DE-576)208896155
|a Deutschland
|2 gnd
|
| 651 |
|
7 |
|0 (DE-588)4078053-3
|0 (DE-627)104729074
|0 (DE-576)209207248
|a Südwestdeutschland
|2 gnd
|
| 655 |
|
7 |
|a Aufsatzsammlung
|0 (DE-588)4143413-4
|0 (DE-627)105605727
|0 (DE-576)209726091
|2 gnd-content
|
| 689 |
0 |
0 |
|d g
|0 (DE-588)4011882-4
|0 (DE-627)104704861
|0 (DE-576)208896155
|2 gnd
|a Deutschland
|
| 689 |
0 |
1 |
|q z
|2 gnd
|a Geschichte 1350-1600
|
| 689 |
0 |
|
|5 DE-101
|
| 689 |
1 |
0 |
|d g
|0 (DE-588)4078053-3
|0 (DE-627)104729074
|0 (DE-576)209207248
|2 gnd
|a Südwestdeutschland
|
| 689 |
1 |
1 |
|d s
|0 (DE-588)4056723-0
|0 (DE-627)106153919
|0 (DE-576)209118741
|2 gnd
|a Stadt
|
| 689 |
1 |
2 |
|d s
|0 (DE-588)4034026-0
|0 (DE-627)106254863
|0 (DE-576)209004657
|2 gnd
|a Ländlicher Raum
|
| 689 |
1 |
3 |
|d s
|0 (DE-588)4066508-2
|0 (DE-627)106113313
|0 (DE-576)209164867
|2 gnd
|a Wirtschaftsraum
|
| 689 |
1 |
4 |
|d s
|0 (DE-588)4275671-6
|0 (DE-627)104423668
|0 (DE-576)210716959
|2 gnd
|a Regionale Identität
|
| 689 |
1 |
5 |
|d s
|0 (DE-588)4069173-1
|0 (DE-627)104137495
|0 (DE-576)209175788
|2 gnd
|a Bauernkrieg
|g 1525
|
| 689 |
1 |
6 |
|q z
|2 gnd
|a Geschichte 1350-1600
|
| 689 |
1 |
|
|5 (DE-627)
|
| 787 |
0 |
8 |
|i Rezensiert in
|a Eiden, Herbert
|t Town, country, and regions in Reformation Germany. By Tom Scott. (Studies in Medieval and Reformation Traditions. History, Culture, Religion, Ideas, 106.) Pp. xxv+452 incl. 5 ills. and 12 maps. Leiden–Boston: Brill, 2005. €149. 90 04 14321 1; 1573 4188
|d 2006
|w (DE-627)1784674060
|
| 787 |
0 |
8 |
|i Rezensiert in
|a Springer, Michael S.
|t [Rezension von: Scott, Tom, Town, Country, and Regions in Reformation Germany]
|d 2007
|w (DE-627)1802396578
|
| 830 |
|
0 |
|a Studies in medieval and Reformation traditions
|v 106
|9 106
|w (DE-627)393798771
|w (DE-576)117357340
|w (DE-600)2160390-X
|x 1573-4188
|7 am
|
| 856 |
4 |
2 |
|u http://d-nb.info/984959688/04
|m V:DE-605
|q application/pdf
|3 Inhaltsverzeichnis
|7 1
|
| 856 |
4 |
2 |
|u http://www.h-net.org/review/hrev-a0e5r4-aa
|x Verlag
|y Book review (H-Net)
|7 1
|
| 935 |
|
|
|a mteo
|a BWLB
|a RFBW
|
| 935 |
|
|
|i sf
|
| 935 |
|
|
|i Blocktest
|
| 936 |
r |
v |
|a NN 1765
|b Einzelbeiträge
|k Geschichte
|k Neuere Geschichte
|k Zeitalter der Reformation (1517 - 1555)
|k Allgemeines
|k Einzelbeiträge
|0 (DE-627)1271464810
|0 (DE-625)rvk/126641:
|0 (DE-576)201464810
|
| 936 |
r |
v |
|a BP 2440
|b Gesamtdarstellungen
|k Theologie und Religionswissenschaften
|k Evangelische Kirchengeschichte
|k Evangelische Kirchengeschichte Deutschlands
|k Reformation, katholische Reform und Gegenreformation
|k Darstellungen
|k Gesamtdarstellungen
|0 (DE-627)1272616231
|0 (DE-625)rvk/14961:
|0 (DE-576)202616231
|
| 936 |
r |
v |
|a NR 1820
|b Stadtgeschichte der Neuzeit
|k Geschichte
|k Landes- und Stadtgeschichte (Allgemeine, Deutsche und Österreichische Landes- und Stadtgeschichte, Ausländische Stadtgeschichte, Geschichte der Auslanddeutschen)
|k Allgemeines
|k Darstellungen
|k Stadtgeschichte der Neuzeit
|0 (DE-627)1271534312
|0 (DE-625)rvk/129179:
|0 (DE-576)201534312
|
| 936 |
r |
v |
|a NN 3030
|b Darstellungen
|k Geschichte
|k Neuere Geschichte
|k Zeitalter der Reformation (1517 - 1555)
|k Geschichte des Reichs (1517 - 1555)
|k Innere Geschichte
|k Darstellungen
|0 (DE-627)1271465493
|0 (DE-625)rvk/126757:
|0 (DE-576)201465493
|
| 936 |
b |
k |
|a 15.42
|j Deutsche Geschichte 1500-1800
|0 (DE-627)181569736
|
| 951 |
|
|
|a BO
|
| ACO |
|
|
|a 1
|
| ELC |
|
|
|b 1
|
| ITA |
|
|
|a 1
|t 1
|
| LOK |
|
|
|0 000 xxxxxcx a22 zn 4500
|
| LOK |
|
|
|0 001 320464426X
|
| LOK |
|
|
|0 003 DE-627
|
| LOK |
|
|
|0 004 47646370X
|
| LOK |
|
|
|0 005 20050606000000
|
| LOK |
|
|
|0 008 050606||||||||||||||||ger|||||||
|
| LOK |
|
|
|0 040
|a DE-21
|c DE-627
|d DE-21
|
| LOK |
|
|
|0 852
|a DE-21
|
| LOK |
|
|
|0 852 1
|c 45 A 3439
|9 00
|
| LOK |
|
|
|0 866
|x ms
|
| LOK |
|
|
|0 935
|a theo
|
| LOK |
|
|
|0 936ln
|a t3.3
|
| LOK |
|
|
|0 938
|l 06/06/05
|8 6
|
| LOK |
|
|
|0 939
|a 06-06-05
|b l01
|
| LOK |
|
|
|0 000 xxxxxcx a22 zn 4500
|
| LOK |
|
|
|0 001 4522755651
|
| LOK |
|
|
|0 003 DE-627
|
| LOK |
|
|
|0 004 47646370X
|
| LOK |
|
|
|0 005 20241016080816
|
| LOK |
|
|
|0 008 240514||||||||||||||||ger|||||||
|
| LOK |
|
|
|0 040
|a DE-Tue135
|c DE-627
|d DE-Tue135
|
| LOK |
|
|
|0 092
|o n
|
| LOK |
|
|
|0 852
|a DE-Tue135
|
| LOK |
|
|
|0 852 1
|9 00
|
| LOK |
|
|
|0 866
|x SPQUE#Reformationsgeschichtliche Forschungsbibliothek Wittenberg#SPSAM#Lutherhaus#SPUSM#Arbeitsbibliothek Bernd Moeller
|
| LOK |
|
|
|0 935
|a RFBW
|a lglu
|a lgbm
|
| LOK |
|
|
|0 939
|a 14-05-24
|b l01
|
| LOK |
|
|
|0 000 xxxxxcx a22 zn 4500
|
| LOK |
|
|
|0 001 4830368160
|
| LOK |
|
|
|0 003 DE-627
|
| LOK |
|
|
|0 004 47646370X
|
| LOK |
|
|
|0 005 20251218165820
|
| LOK |
|
|
|0 008 251218||||||||||||||||ger|||||||
|
| LOK |
|
|
|0 035
|a (DE-4020)wubadaa31757
|
| LOK |
|
|
|0 040
|a DE-4020
|c DE-627
|d DE-4020
|
| LOK |
|
|
|0 092
|o n
|
| LOK |
|
|
|0 852
|a DE-4020
|
| LOK |
|
|
|0 852 1
|c H 375/106
|m p
|9 00
|
| LOK |
|
|
|0 935
|a bami
|
| LOK |
|
|
|0 938
|k p
|
| LOK |
|
|
|0 939
|a 18-12-25
|b l01
|
| ORI |
|
|
|a SA-MARC-ixtheoa001.raw
|
| REF |
|
|
|a Banlieue,Reformationsgeschichte,Stadt,Stadtgeschichte,Stadt-Land-Beziehung,Stadt-Umland-Problem,Umland
|
| REL |
|
|
|a 1
|
| STA |
0 |
0 |
|a Bundschuh Insurrections, 1493-1517,City,City,Town,Town,Deutschland (boat, 1866-1875),Germany,Germany,Germany,Germany,German Federal Republic (motif),Germany,Germany,Germany,Germany,Germany,Germany,German Democratic Republic,Germany,Federal Republic of Germany,Germany,Germany,Germany,Soviet Occupation Zone,French Occupation Zone,Economic history,Economic history,Freiburg im Breisgau,Germany,Southwestern Germany,Reformation,Reformation,Reformation in art,Regional identity,Local identity,Identity,Rural area,Social history studies,Social history,Social history,Space in economics,Surroundings,Upper Rhine,Oberrheinebene,Oberrheinisches Tiefland
|
| STB |
0 |
0 |
|a Deutschland (bateau, 1866-1875),Allemagne,Allemagne,République fédérale d'Allemagne (motif),Environs,Périphérie,Périphérie,Espace (économie politique),Espace rural,Campagne,Campagne,Fribourg-en-Brisgau,Histoire sociale,Histoire sociale,Histoire économique,Histoire économique,Identité régionale,Réforme protestante,Réforme protestante,Ville,Ville
|
| STC |
0 |
0 |
|a Alemania,Alemania,Alrededores,Bundschuh,Ciudad,Ciudad,Friburgo/Alemania,Historia económica,Historia económica,Historia social,Historia social,Identidad regional,Reforma,Reforma,Región rural
|
| STD |
0 |
0 |
|a Bundschuh,Città,Città,Friburgo in Brisgovia,Germania,Germania,Identità regionale,Materia:Storia economica,Storia dell'economia <disciplina>,Storia economica (disciplina),Storia economica,Regione circostante,Dintorni,Campagna circostante,Dintorni,Campagna circostante,Riforma protestante,Riforma protestante,Spazio rurale,Storia sociale,Storia sociale
|
| STE |
0 |
0 |
|a 农村地区,乡郊地区,区域认同,区域身份,区域意识,城巿,城巿,都巿,都巿,宗教改革,宗教改革,德国,德国,社会历史研究,社会历史
|
| STF |
0 |
0 |
|a 區域認同,區域身份,區域意識,城巿,城巿,都巿,都巿,宗教改革,宗教改革,德國,德國,社會歷史研究,社會歷史,经济史,農村地區,鄉郊地區
|
| STG |
0 |
0 |
|a Alemanha,Alemanha,Arredores,Cidade,Cidade,Friburgo/Alemanha,História da economia,História econômica,História social,História social,Identidade regional,Movimento Bundschuh,Reforma,Reforma,Região rural
|
| STH |
0 |
0 |
|a Германия (ГДР, мотив),Германия (мотив),Город (мотив),Город,Крестьянский башмак,Окрестность,Региональное самосознание,Реформация (мотив),Реформация,Сельский район,Социальная история (дисциплина),Социальная история,Фрайбург-им-Брайсгау (мотив),Экономическая история,История экономики (дисциплина)
|
| STI |
0 |
0 |
|a Αγροτική περιοχή,Γερμανία (ΛΔΓ, μοτίβο),Γερμανία (μοτίβο),Κοινωνική Ιστορία (μάθημα),Κοινωνική ιστορία,Οικονομική ιστορία,Οικονομική Ιστορία (μάθημα),Προάστια,Περίχωρα,Προτεσταντική μεταρρύθμιση (μοτίβο),Προτεσταντική μεταρρύθμιση,Πόλη (μοτίβο),Πόλη,Τοπική ταυτότητα,Περιφερειακή ταυτότητα,Φράιμπουργκ στο Μπράισγκαου <μοτίβο>,Freiburg im Breisgau (μοτίβο)
|
| SUB |
|
|
|a REL
|
| SYE |
0 |
0 |
|a Réforme (histoire religieuse),Reformation , Réforme (histoire religieuse),Reformation , Bauernkrieg,Deutscher Bauernkrieg , Stadtgeschichte,Stadtansicht,Stadtgebiet,Städte , Wirtschaftsregion , Umgebung,Umgegend,Nahraum,Nahgebiet , Lokale Identität,Regionalbewusstsein , Gesellschaft,Gesellschaftsgeschichte,Soziale Situation , Wirtschaft,Wirtschaft - Wirtschaftsgeschichte
|
| SYF |
0 |
0 |
|a Universität Freiburg im Breisgau , Freiburg, Breisgau,Freiburg,Freiburg i. Br.,Freiburg i.Br.,Freiburg i. B.,Freiburg,Fribourg, Breisgau,Freyburg, Breisgau,Fribourg-en-Brisgau,Musikstadt Freiburg, Breisgau,Frajburg,Friburgum Brisigaviae,Friburgum Brisgaviae,Friburgum Brisigoviae,P'ŭraiburŭgŭ,Friburgum Brisgoiae,Friburgi Brisgojae,Friburgi Brisgoiae,Freyburg im Breisgau,Friburgi Brisgoviae,Freyburg im Breyssgau,Friburgum Brisgaudiae,Friburg im Breyssgau,Fryburgum Brisgoiae,Friburgum Brisgoviae,Friburgum Brisgolae,Friburgum Brisachgogiae,Freyburg im Brissgau,Friburgo de Brisgovia , Oberrheinebene,Oberrheinlande,Oberrhein-Gebiet,Oberrheinische Tiefebene,Oberrhein,Region , DDR,Deutsche Demokratische Republik,Germany,Amerikanische Zone Deutschlands,BRD,Britische Zone Deutschlands,Bundesrepublik Deutschland,Französische Zone Deutschlands,Vereinigtes Wirtschaftsgebiet Deutschlands,BRD,Bundesrepublik Deutschland , Vereinigtes Wirtschaftsgebiet,Bizone,Verwaltung des Vereinigten Wirtschaftsgebietes,Französische Zone,Zone Française d'Occupation,Französische Besatzungszone,ZFO,Britische Zone,British occupation zone,Britische Besatzungszone,British Zone of Control,Britisches Kontrollgebiet,British Element,Britisches Element,Sowjetische Zone,Russische Zone,Sowjetische Besatzungszone,Russische Besatzungszone,Sowjetische Besatzungszone Deutschlands,Sowjetische Besatzungszone in Deutschland,Sowjetisch Besetzte Zone,Sowjetzone,Ostzone,SBZ,Länder,Westliche Bundesländer,Alte Bundesländer,Deutschland,Westdeutschland,Deutschland,Westzonen,Westliche Besatzungszonen,Trizone,Amerikanische Zone,American occupation zone,Amerikanische Besatzungszone,ABZ,United States Area of Control,Amerikanisches Kontrollgebiet,U.S. zone of occupation,United States Zone,U.S. Zone,US-Zone,Östliche Bundesländer,Neue Bundesländer,Länder,Deutschland,Ostdeutschland,Deutschland,Deutschland,Alemanha,Alemania,Allemagne,Almanija,Almāniyā,Bondsrepubliek Duitsland,BRD,BRD,Bundesrepublik Deutschland,Deutschland,Deutschland,Federal Republic of Germany,Förbundsrepubliken Tyskland,Förbundsrepublikken Tyskland,FRG,Germany,Németországi Szövetségi Kőztársaság,Niemiecka Republika Federalna Niemiecka Republika Federalna,NRF,Repubblica Federale di Germania,Republic of Germany,República Federal da Alemanha,República Federal de Alemania,Republik Federasi Djerman,Republika Federalna Niemiec,République Fédérale d'Allemagne,RFN,Saksan Liittotasavalta,Westdeutschland,Deutsche Demokratische Republik,DDR,Deutschland,German Democratic Republic,GDR,République Démocratique Allemande,RDA,Germanskaja Demokratičeskaja Respublika,Demokratičeskaja Respublika,Democratic Republic,Demokratische Republik,Niemiecka Republika Demokratyczna,NRD,Ǧumhūrīyat Almāniyā ad-Dīmuqrāṭīya,República Democrática Alemana,Saksan Demokraattisen Tasavallan,Repubblica Democratica Tedesca,Mitteldeutschland,Ostdeutschland,East Germany,Ostzone,Deutsche Länder,Germany,Heiliges Römisches Reich,Rheinbund,Deutscher Bund,Norddeutscher Bund,Deutsches Reich,Deutschland,Deutschland,BRD,Federal Republic of Germany,Republic of Germany,Allemagne,Ǧumhūrīyat Almāniyā al-Ittiḥādīya,Bundesrepublik Deutschland,BRD,Niemcy,République Fédérale d'Allemagne,Repubblica Federale di Germania,Germanija,Federativnaja Respublika Germanija,FRG,Deyizhi-Lianbang-Gongheguo , Deutschland,Südwest,Süddeutschland,West
|
| SYG |
0 |
0 |
|a DDR,Deutsche Demokratische Republik,Germany,Amerikanische Zone Deutschlands,BRD,Britische Zone Deutschlands,Bundesrepublik Deutschland,Französische Zone Deutschlands,Vereinigtes Wirtschaftsgebiet Deutschlands,BRD,Bundesrepublik Deutschland , Vereinigtes Wirtschaftsgebiet,Bizone,Verwaltung des Vereinigten Wirtschaftsgebietes,Französische Zone,Zone Française d'Occupation,Französische Besatzungszone,ZFO,Britische Zone,British occupation zone,Britische Besatzungszone,British Zone of Control,Britisches Kontrollgebiet,British Element,Britisches Element,Sowjetische Zone,Russische Zone,Sowjetische Besatzungszone,Russische Besatzungszone,Sowjetische Besatzungszone Deutschlands,Sowjetische Besatzungszone in Deutschland,Sowjetisch Besetzte Zone,Sowjetzone,Ostzone,SBZ,Länder,Westliche Bundesländer,Alte Bundesländer,Deutschland,Westdeutschland,Deutschland,Westzonen,Westliche Besatzungszonen,Trizone,Amerikanische Zone,American occupation zone,Amerikanische Besatzungszone,ABZ,United States Area of Control,Amerikanisches Kontrollgebiet,U.S. zone of occupation,United States Zone,U.S. Zone,US-Zone,Östliche Bundesländer,Neue Bundesländer,Länder,Deutschland,Ostdeutschland,Deutschland,Deutschland,Alemanha,Alemania,Allemagne,Almanija,Almāniyā,Bondsrepubliek Duitsland,BRD,BRD,Bundesrepublik Deutschland,Deutschland,Deutschland,Federal Republic of Germany,Förbundsrepubliken Tyskland,Förbundsrepublikken Tyskland,FRG,Germany,Németországi Szövetségi Kőztársaság,Niemiecka Republika Federalna Niemiecka Republika Federalna,NRF,Repubblica Federale di Germania,Republic of Germany,República Federal da Alemanha,República Federal de Alemania,Republik Federasi Djerman,Republika Federalna Niemiec,République Fédérale d'Allemagne,RFN,Saksan Liittotasavalta,Westdeutschland,Deutsche Demokratische Republik,DDR,Deutschland,German Democratic Republic,GDR,République Démocratique Allemande,RDA,Germanskaja Demokratičeskaja Respublika,Demokratičeskaja Respublika,Democratic Republic,Demokratische Republik,Niemiecka Republika Demokratyczna,NRD,Ǧumhūrīyat Almāniyā ad-Dīmuqrāṭīya,República Democrática Alemana,Saksan Demokraattisen Tasavallan,Repubblica Democratica Tedesca,Mitteldeutschland,Ostdeutschland,East Germany,Ostzone,Deutsche Länder,Germany,Heiliges Römisches Reich,Rheinbund,Deutscher Bund,Norddeutscher Bund,Deutsches Reich,Deutschland,Deutschland,BRD,Federal Republic of Germany,Republic of Germany,Allemagne,Ǧumhūrīyat Almāniyā al-Ittiḥādīya,Bundesrepublik Deutschland,BRD,Niemcy,République Fédérale d'Allemagne,Repubblica Federale di Germania,Germanija,Federativnaja Respublika Germanija,FRG,Deyizhi-Lianbang-Gongheguo , Deutschland,Südwest,Süddeutschland,West , Stadtgeschichte,Stadtansicht,Stadtgebiet,Städte , Land <Ländlicher Raum>,Agrarraum,Ländliche Region,Ländliches Gebiet,Land,Agrarraum,Ländliche Region,Ländliches Gebiet , Wirtschaftsregion , Lokale Identität,Regionalbewusstsein , Bauernkrieg,Deutscher Bauernkrieg
|
| TIM |
|
|
|a 100013500101_100016001231
|b Geschichte 1350-1600
|